000 00785nam a2200205 i 4500
001 143505
003 ES-MaACL
005 20230906200832.0
007 t|
008 070214s1967 sp r ||||1| mul d
100 1 _aSert, Josep Lluís.
_9105845
245 1 0 _aIbiza :
_bfuerte y luminosa = strong and liminous = forte et lumineunse = kraftuoll und strahlend /
_ctexto, Josep Lluis Sert ; fotos, Joaquim Gomis ; seleccion y secuencia, Joan Prats Vallès.
260 _aBarcelona :
_bPolígrafa,
_c1967.
300 _a40 p., 4 h. pleg., 96 lám. ;
_c21 cm.
546 _aTexto en español, inglés, francés y alemán.
651 4 _aIbiza-
_vObras ilustradas.
_9174661
700 1 _aGomis, Joaquín.
_958209
700 1 _aPrats Vallès, Joan.
_993709
852 4 _aES-MaACL
_jC-49356
999 _c143505
_d143505